A Minute, A Moment... - Myles Smith - Statistics

General Stats
  • This quiz has been taken 5 times
  • The average score is 9 of 14
Answer Stats
Song Plays Artist(s) % Correct
Gold 38,839,528 Myles Smith
100%
My First Heartbreak 10,845,196 Myles Smith
100%
Nice To Meet You 342,737,240 Myles Smith
100%
Nice To Meet You 342,737,240 Myles Smith, Lainey Wilson
100%
Stargazing 1,078,580,640 Myles Smith
100%
Wait For You 110,238,683 Myles Smith
75%
Waste 14,831,231 Myles Smith, James Bay
75%
3am 10,649,489 Myles Smith
50%
Whisper 31,881,620 Myles Smith
50%
All My Life 2,185,753 Myles Smith
25%
Dreamers 4,440,647 Myles Smith
25%
Little By Little 7,653,292 Myles Smith
25%
Made For Me 4,216,181 Myles Smith
25%
Someone New 2,427,079 Myles Smith
25%
No matching quizzes found
Score Distribution
Percent of People with Each Score
Percentile by Number Answered
Your Score History
You have not taken this quiz